[Event "4NCL Division 3 North"]
[Site "Bolton, ENG"]
[Date "2020.01.11"]
[Round "3.33"]
[White "Burton, Graham P"]
[Black "Winter, Kevin"]
[Result "1-0"]
[WhiteElo "2020"]
[BlackElo "1714"]
[PlyCount "69"]
[EventDate "2020.01.11"]
[WhiteTeam "3Cs 2"]
[BlackTeam "Bradford DCA Knights B"]

1. e4 d6 2. d4 Nf6 3. Nc3 Nbd7 4. Nf3 e5 5. Bc4 Be7 6. O-O c6 7. a4 Qc7 8. Qe2
h6 9. Bb3 O-O 10. h3 a5 11. Be3 exd4 12. Bxd4 Ne5 13. Rad1 Bd7 14. Nh2 c5 15.
Be3 c4 16. Ba2 Rac8 17. f4 Ng6 18. Nf3 Rfe8 19. Rd4 d5 20. e5 Nh5 21. Nxd5 Ng3
22. Qf2 Nxf1 23. Nxc7 Rxc7 24. Kxf1 Bxa4 25. Bxc4 Bc6 26. f5 Nf8 27. e6 fxe6
28. fxe6 Nh7 29. Rd7 Rcc8 30. Bd3 Nf6 31. Ne5 Be4 32. Bxe4 Nxe4 33. Qf7+ Kh8
34. Rxe7 Rf8 35. Ng6+ 1-0

[Event "4NCL Division 3 North"]
[Site "Bolton, ENG"]
[Date "2020.01.11"]
[Round "3.34"]
[White "Braham, Peter"]
[Black "Hazlehurst, Cory S"]
[Result "1/2-1/2"]
[WhiteElo "1710"]
[BlackElo "2020"]
[PlyCount "103"]
[EventDate "2020.01.11"]
[WhiteTeam "Bradford DCA Knights B"]
[BlackTeam "3Cs 2"]

1. e4 c6 2. d4 d5 3. Nc3 dxe4 4. Nxe4 Bf5 5. Ng3 Bg6 6. N1e2 e6 7. Nf4 Bd6 8.
h4 Qc7 9. h5 Bxc2 10. Qg4 Ne7 11. Bc4 Nd5 12. Qxg7 Rf8 13. Nd3 Nb6 14. Kd2 Bxd3
15. Bxd3 f5 16. Qxc7 Bxc7 17. Ne2 Rg8 18. g3 N8d7 19. Kc2 Rd8 20. Bf4 Bxf4 21.
Nxf4 Nf8 22. Rhe1 Kf7 23. Kc3 Na4+ 24. Kb3 Rxd4 25. Bc4 Nc5+ 26. Kc3 Rd6 27.
Re2 Kf6 28. Rae1 Rg7 29. a3 Rgd7 30. b4 Ne4+ 31. Kc2 Rd2+ 32. Kc1 Rxe2 33. Rxe2
e5 34. Ng2 Ne6 35. Bxe6 Kxe6 36. Kc2 Kf6 37. g4 Ng5 38. gxf5 Kxf5 39. Ne3+ Kf4
40. Nc4 e4 41. Re3 Nf3 42. a4 Rd4 43. Kc3 Rd3+ 44. Rxd3 exd3 45. Kxd3 Ne5+ 46.
Nxe5 Kxe5 47. a5 Kf5 48. Kd4 Kg5 49. Ke5 Kxh5 50. f4 Kg6 51. Ke6 Kg7 52. Ke7
1/2-1/2

[Event "4NCL Division 3 North"]
[Site "Bolton, ENG"]
[Date "2020.01.11"]
[Round "3.35"]
[White "Ye, Kevin"]
[Black "Tait, Bill"]
[Result "1-0"]
[WhiteElo "1997"]
[BlackElo "1710"]
[PlyCount "107"]
[EventDate "2020.01.11"]
[WhiteTeam "3Cs 2"]
[BlackTeam "Bradford DCA Knights B"]

1. e4 c6 2. d4 d5 3. exd5 cxd5 4. c4 e6 5. Nc3 Nf6 6. Nf3 Nc6 7. Bd3 Bd7 8. O-O
Be7 9. Re1 Nb4 10. Bf1 O-O 11. a3 Nc6 12. c5 Ne8 13. b4 Bf6 14. Bf4 Ne7 15. Rc1
Ng6 16. Bg3 Nh4 17. Ne5 Nf5 18. Bf4 Ne7 19. b5 Ng6 20. c6 bxc6 21. Nxd7 Qxd7
22. bxc6 Qxc6 23. Na4 Qd7 24. Nc5 Qe7 25. Bg3 Nd6 26. Qa4 Bh4 27. Nd7 Rfc8 28.
Bxd6 Qxd6 29. Rxc8+ Rxc8 30. Qxa7 Qc7 31. Qa4 Qc2 32. Qxc2 Rxc2 33. g3 Be7 34.
a4 Rd2 35. a5 Rxd4 36. Ra1 Nf8 37. Nxf8 Kxf8 38. a6 Bc5 39. a7 Bxa7 40. Rxa7 g5
41. h3 Kg7 42. Bb5 Rd1+ 43. Kg2 d4 44. Be8 Kf8 45. Bxf7 e5 46. Bd5 d3 47. Be4
d2 48. Rd7 Re1 49. Bc2 h6 50. Rxd2 Ke7 51. Kf3 Rh1 52. Kg4 h5+ 53. Kxh5 Rxh3+
54. Kxg5 1-0

[Event "4NCL Division 3 North"]
[Site "Bolton, ENG"]
[Date "2020.01.11"]
[Round "3.36"]
[White "Ibbitson, Anthony"]
[Black "Ahmed, Helal"]
[Result "1/2-1/2"]
[WhiteElo "1742"]
[BlackElo "1780"]
[PlyCount "34"]
[EventDate "2020.01.11"]
[WhiteTeam "Bradford DCA Knights B"]
[BlackTeam "3Cs 2"]

1. e4 c5 2. Nc3 Nc6 3. g3 g6 4. Bg2 Bg7 5. d3 d6 6. f4 Nf6 7. Nf3 Bg4 8. O-O
O-O 9. h3 Bxf3 10. Qxf3 Nd4 11. Qd1 e5 12. f5 Rb8 13. Bg5 h6 14. Bxf6 Bxf6 15.
Nd5 g5 16. c3 Nc6 17. Qh5 Bg7 1/2-1/2

[Event "4NCL Division 3 North"]
[Site "Bolton, ENG"]
[Date "2020.01.11"]
[Round "3.41"]
[White "Whyte, Brian G"]
[Black "Potter, Steven"]
[Result "1-0"]
[WhiteElo "2125"]
[BlackElo "1825"]
[PlyCount "145"]
[EventDate "2020.01.11"]
[WhiteTeam "Shropshire 1"]
[BlackTeam "Manchester Manticores 4"]

1. g3 g6 2. Bg2 Bg7 3. c4 Nf6 4. Nc3 c6 5. e4 d6 6. Nge2 O-O 7. O-O Be6 8. d3
Qc8 9. Nf4 Bd7 10. d4 e5 11. dxe5 dxe5 12. Nd3 Re8 13. Re1 Bh3 14. b4 Bxg2 15.
Kxg2 Nbd7 16. Bb2 a5 17. a3 b6 18. Qc2 Nh5 19. Na4 Qb7 20. c5 b5 21. Nc3 a4 22.
Rad1 Nf8 23. Nb1 Qe7 24. Nd2 Rad8 25. f3 Qg5 26. Nf2 Rd7 27. Nf1 Red8 28. Bc1
Qe7 29. Rxd7 Rxd7 30. Rd1 Ne6 31. Rxd7 Qxd7 32. Qd3 Nd4 33. Bb2 Bh6 34. Bxd4
Qxd4 35. Qxd4 exd4 36. f4 Nf6 37. Kf3 g5 38. h3 Nd7 39. Nd3 gxf4 40. gxf4 f6
41. Ng3 Bf8 42. Nf5 Nb8 43. Nxd4 Kf7 44. e5 Bg7 45. e6+ Ke8 46. Nf5 Bf8 47. Ke4
Na6 48. Nd6+ Ke7 49. f5 Bh6 50. Kd4 Bd2 51. Ne4 Bh6 52. Nd6 Bd2 53. Nc8+ Kd8
54. Nd6 Ke7 55. Ne4 Bh6 56. Nc3 Nc7 57. Ne2 Nd5 58. Ke4 Bg5 59. Nd4 Nc3+ 60.
Kf3 Nb1 61. Nxc6+ Ke8 62. Na7 Nxa3 63. c6 Nc4 64. c7 Nb6 65. Nxb5 Bd2 66. Ke2
Bg5 67. Kd1 Ke7 68. Kc2 Be3 69. Na7 a3 70. c8=Q Nxc8 71. Nxc8+ Kd8 72. Nd6 Bd4
73. Kb3 1-0

[Event "4NCL Division 3 North"]
[Site "Bolton, ENG"]
[Date "2020.01.11"]
[Round "3.42"]
[White "Newell, David F"]
[Black "Paul, Nathanael"]
[Result "1/2-1/2"]
[WhiteElo "1787"]
[BlackElo "2072"]
[PlyCount "79"]
[EventDate "2020.01.11"]
[WhiteTeam "Manchester Manticores 4"]
[BlackTeam "Shropshire 1"]

1. Nf3 Nc6 2. c4 e5 3. Nc3 d6 4. g3 f5 5. d4 e4 6. Ng1 Nf6 7. e3 Be7 8. Nge2
O-O 9. Nf4 Qe8 10. h4 Bd8 11. Be2 Kh8 12. h5 Ne7 13. b3 Neg8 14. Bb2 Nh6 15.
Ncd5 Be6 16. Nxf6 Bxf6 17. Qd2 Bf7 18. Rc1 c6 19. Ba3 Qd7 20. Bb2 Qe7 21. Bc3
b6 22. O-O Rfd8 23. d5 c5 24. Qb2 Be5 25. Bxe5 Qxe5 26. Qxe5 dxe5 27. Nh3 Ng4
28. Bxg4 fxg4 29. Ng5 Bxh5 30. Nxe4 h6 31. Nd2 Rf8 32. e4 Rf6 33. Rc3 Raf8 34.
Kg2 g5 35. Re3 Kg7 36. Rfe1 a6 37. a3 a5 38. Rb1 Bg6 39. Rbe1 Bh5 40. a4
1/2-1/2

[Event "4NCL Division 3 North"]
[Site "Bolton, ENG"]
[Date "2020.01.11"]
[Round "3.43"]
[White "Jamieson, Ian"]
[Black "Jayawarna, Tarini"]
[Result "1-0"]
[WhiteElo "1990"]
[BlackElo "1637"]
[PlyCount "79"]
[EventDate "2020.01.11"]
[WhiteTeam "Shropshire 1"]
[BlackTeam "Manchester Manticores 4"]

1. b3 e5 2. Bb2 d6 3. d4 e4 4. e3 Nf6 5. c4 c6 6. Ne2 d5 7. Qd2 Be7 8. Ba3 O-O
9. Bxe7 Qxe7 10. Nbc3 Na6 11. Nf4 Nc7 12. Be2 Ne6 13. Nh3 Bd7 14. O-O h6 15. f4
exf3 16. Bxf3 Nc7 17. Nf4 dxc4 18. bxc4 Bg4 19. Nd3 Bxf3 20. gxf3 Rfe8 21. Rae1
Rad8 22. Kh1 Kh8 23. Rg1 Rg8 24. Ne5 Ne6 25. f4 Nc5 26. Qc2 Ncd7 27. Ref1 Nf8
28. c5 N8h7 29. Qb3 Nd5 30. Nxd5 cxd5 31. Rb1 Rb8 32. Qxd5 Rgf8 33. Qg2 Rg8 34.
Nc6 Qe8 35. Nxb8 Qxb8 36. Rxb7 Qe8 37. Rxa7 g6 38. e4 Nf6 39. e5 Nh5 40. Qe4
1-0

[Event "4NCL Division 3 North"]
[Site "Bolton, ENG"]
[Date "2020.01.11"]
[Round "3.44"]
[White "Grindrod, John"]
[Black "Bryant, Richard B E"]
[Result "0-1"]
[WhiteElo "1675"]
[BlackElo "1982"]
[PlyCount "54"]
[EventDate "2020.01.11"]
[WhiteTeam "Manchester Manticores 4"]
[BlackTeam "Shropshire 1"]

1. c4 e5 2. Nc3 Nc6 3. g3 f5 4. d3 Nf6 5. Bg2 Bb4 6. Bd2 O-O 7. e3 d6 8. Nge2
Ne7 9. O-O c6 10. Qb3 Ba5 11. Rad1 Qe8 12. f4 Bc7 13. Rfe1 Kh8 14. Qc2 Bd7 15.
b4 Rc8 16. Qb2 Qf7 17. a4 Ng6 18. b5 h5 19. h4 Ng4 20. e4 Bb6+ 21. Kh1 Nxh4 22.
gxh4 Qe7 23. Ng1 Nf2+ 24. Kh2 Qxh4+ 25. Nh3 Nxh3 26. Bxh3 fxe4 27. Rxe4 Qxh3#
0-1

[Event "4NCL Division 3 North"]
[Site "Bolton, ENG"]
[Date "2020.01.11"]
[Round "3.45"]
[White "Higgie, Charles L"]
[Black "Jayawarna, Thisumi"]
[Result "1-0"]
[WhiteElo "1982"]
[BlackElo "1532"]
[PlyCount "77"]
[EventDate "2020.01.11"]
[WhiteTeam "Shropshire 1"]
[BlackTeam "Manchester Manticores 4"]

1. e4 d5 2. exd5 Qxd5 3. Nc3 Qa5 4. d4 Nf6 5. Bd2 c6 6. Nf3 Bf5 7. Bc4 e6 8.
O-O Bb4 9. a3 Bxc3 10. Bxc3 Qc7 11. a4 Nbd7 12. Bb4 a5 13. Ba3 Nb6 14. Bb3 Nbd5
15. Ne5 Ne7 16. g4 Bg6 17. f3 Nfd5 18. Qd2 f6 19. Nc4 Nc8 20. Rae1 Bf7 21. f4
b5 22. axb5 cxb5 23. Nxa5 Rxa5 24. Bxd5 Kd7 25. Bb3 h5 26. f5 Ra6 27. Qe2 Qc6
28. fxe6+ Bxe6 29. Bxe6+ Qxe6 30. Qxb5+ Qc6 31. Qf5+ Kc7 32. gxh5 Kb7 33. Rf3
Rb6 34. Rc3 Qa4 35. Re4 Rd8 36. d5 Qa6 37. Rec4 Kb8 38. Qf4+ Ka8 39. Ra4 1-0

[Event "4NCL Division 3 North"]
[Site "Bolton, ENG"]
[Date "2020.01.11"]
[Round "3.46"]
[White "Wilson, Jeff"]
[Black "Lewis, Christopher D"]
[Result "0-1"]
[WhiteElo "1319"]
[BlackElo "1975"]
[PlyCount "54"]
[EventDate "2020.01.11"]
[WhiteTeam "Manchester Manticores 4"]
[BlackTeam "Shropshire 1"]

1. e4 c6 2. d4 d5 3. Nd2 dxe4 4. Nxe4 Bf5 5. Ng3 Bg6 6. Nf3 Nd7 7. c3 Ngf6 8.
Be2 e6 9. O-O Qc7 10. Re1 Be7 11. a4 O-O 12. Nh4 c5 13. Nxg6 hxg6 14. dxc5 Nxc5
15. b4 Nce4 16. Nxe4 Nxe4 17. Qb3 Qxc3 18. Qxc3 Nxc3 19. b5 Nxe2+ 20. Rxe2 Bf6
21. Bb2 Rfd8 22. Bxf6 gxf6 23. Kf1 Rac8 24. Ke1 Rd4 25. Kf1 Rcc4 26. Rea2 Kf8
27. Ke1 Ke7 0-1

[Event "4NCL Division 3 North"]
[Site "Bolton, ENG"]
[Date "2020.01.11"]
[Round "3.51"]
[White "Surtees, Mike J"]
[Black "Carpenter, Martin"]
[Result "1-0"]
[WhiteElo "2177"]
[BlackElo "2032"]
[PlyCount "55"]
[EventDate "2020.01.11"]
[WhiteTeam "Bolton & Worsley"]
[BlackTeam "Jorvik"]

1. e4 e6 2. a3 d5 3. e5 c5 4. b4 Nc6 5. Nf3 Qc7 6. Bb2 cxb4 7. axb4 Bxb4 8. Bd3
f6 9. O-O f5 10. Na3 Nh6 11. c4 O-O 12. cxd5 exd5 13. Qb3 Be6 14. Nb5 Qd7 15.
Rfc1 a5 16. Ng5 Rac8 17. Rc2 Nf7 18. Nxe6 Qxe6 19. f4 Nfd8 20. Ba3 Qd7 21. Nd6
Bxd6 22. Qxd5+ Qe6 23. Bc4 Qxd5 24. Bxd5+ Kh8 25. Bxd6 Re8 26. Rxa5 Ne6 27.
Bxe6 Rxe6 28. Rb5 1-0

[Event "4NCL Division 3 North"]
[Site "Bolton, ENG"]
[Date "2020.01.11"]
[Round "3.52"]
[White "Hodge, Steve R"]
[Black "Sakic, Lorand"]
[Result "1/2-1/2"]
[WhiteElo "1982"]
[BlackElo "2035"]
[PlyCount "97"]
[EventDate "2020.01.11"]
[WhiteTeam "Jorvik"]
[BlackTeam "Bolton & Worsley"]

1. e4 c5 2. Nf3 d6 3. Bb5+ Nd7 4. Ba4 a6 5. c4 e5 6. O-O Be7 7. d3 Ngf6 8. Nc3
O-O 9. h3 Nb6 10. Bc2 Bd7 11. Nh2 Nc8 12. f4 exf4 13. Bxf4 b5 14. Kh1 Nb6 15.
b3 Bc6 16. Nd5 Nbxd5 17. exd5 Bd7 18. Qf3 Ne8 19. Rae1 f5 20. Qe2 Bh4 21. g3
Bf6 22. h4 g6 23. Nf3 Qc7 24. Bg5 Bc3 25. Bd2 Bxd2 26. Qxd2 Ng7 27. Ng5 Rae8
28. Bd1 b4 29. Nh3 Qd8 30. Qh6 Rxe1 31. Rxe1 Ne8 32. h5 Qf6 33. Ng5 Qg7 34.
Qxh7+ Qxh7 35. Nxh7 Kxh7 36. Re7+ Kh6 37. Rxd7 gxh5 38. Kg2 Rg8 39. Kf2 Rg7 40.
Rxg7 Nxg7 41. Ke3 Kg5 42. d4 cxd4+ 43. Kxd4 f4 44. gxf4+ Kxf4 45. Bxh5 Nxh5 46.
c5 dxc5+ 47. Kxc5 Ke5 48. Kxb4 Kxd5 49. Ka5 1/2-1/2

[Event "4NCL Division 3 North"]
[Site "Bolton, ENG"]
[Date "2020.01.11"]
[Round "3.53"]
[White "Scoular, Adam"]
[Black "Flint, Martina"]
[Result "1/2-1/2"]
[WhiteElo "2021"]
[BlackElo "1802"]
[PlyCount "88"]
[EventDate "2020.01.11"]
[WhiteTeam "Bolton & Worsley"]
[BlackTeam "Jorvik"]

1. e4 g6 2. d4 Bg7 3. Nf3 d6 4. Bd3 c6 5. O-O Nf6 6. h3 O-O 7. c3 h6 8. Qb3 Qc7
9. Bf4 Be6 10. Qc2 Kh7 11. g4 Qc8 12. Nh2 b5 13. Bg3 Bc4 14. Bxc4 bxc4 15. Nd2
d5 16. e5 Ng8 17. f4 c5 18. b3 cxb3 19. Qxb3 e6 20. dxc5 Qxc5+ 21. Bf2 Qc6 22.
c4 dxc4 23. Nxc4 Nd7 24. Rac1 Qa6 25. Rfd1 Rab8 26. Qd3 Rbd8 27. Qc2 Ne7 28.
Rd6 Qb7 29. Rb1 Qc7 30. Qa4 Nd5 31. Rc6 N7b6 32. Nxb6 Qb7 33. Rb3 Nxb6 34. Bxb6
Rd1+ 35. Kg2 axb6 36. Rbxb6 Qd7 37. Nf3 Qd3 38. Qb5 Qe4 39. Rd6 Qc2+ 40. Kg3
Ra1 41. Rbc6 Qe4 42. Rd2 Ra8 43. Rc4 Qe3 44. Rcc2 Ra3 1/2-1/2

[Event "4NCL Division 3 North"]
[Site "Bolton, ENG"]
[Date "2020.01.11"]
[Round "3.54"]
[White "Anderson, Paul W"]
[Black "Lamb, Ian"]
[Result "0-1"]
[WhiteElo "1752"]
[BlackElo "1742"]
[PlyCount "80"]
[EventDate "2020.01.11"]
[WhiteTeam "Jorvik"]
[BlackTeam "Bolton & Worsley"]

1. c4 e6 2. Nf3 Nf6 3. Nc3 d5 4. e3 Be7 5. d4 O-O 6. b3 c5 7. Bb2 Nc6 8. cxd5
exd5 9. Bd3 cxd4 10. Nxd4 Nxd4 11. exd4 Be6 12. O-O Rc8 13. Rc1 Qa5 14. Qe2 a6
15. Na4 Rfe8 16. Rc2 Rxc2 17. Qxc2 Rc8 18. Qb1 h6 19. f4 Bd7 20. Bf5 Qd8 21.
Bxd7 Qxd7 22. Nb6 Qd8 23. Nxc8 Qxc8 24. Rc1 Qg4 25. f5 Ne4 26. Qc2 Bg5 27. Re1
Bh4 28. Rf1 Bg5 29. Bc1 Bf6 30. Be3 Bg5 31. Qc8+ Kh7 32. Qc1 Qe2 33. Bxg5 Nxg5
34. Rf2 Qd3 35. Qd2 Qb5 36. Rf1 Ne4 37. g4 Nxd2 38. Rf2 Qd3 39. f6 Kg6 40. fxg7
Kxg7 0-1

[Event "4NCL Division 3 North"]
[Site "Bolton, ENG"]
[Date "2020.01.11"]
[Round "3.55"]
[White "Busznyak, Arpad"]
[Black "Andrews, Norman G"]
[Result "1/2-1/2"]
[WhiteElo "1622"]
[BlackElo "1598"]
[PlyCount "84"]
[EventDate "2020.01.11"]
[WhiteTeam "Bolton & Worsley"]
[BlackTeam "Jorvik"]

1. d4 Nf6 2. Bf4 d6 3. e3 g6 4. Nf3 Bg7 5. Bc4 O-O 6. O-O Nc6 7. c3 a6 8. Nbd2
d5 9. Bd3 Bg4 10. h3 Bc8 11. Qc2 b5 12. b4 Bb7 13. Nb3 Nd7 14. a4 bxa4 15. Rxa4
Qc8 16. Rfa1 Nb6 17. R4a3 Nc4 18. R3a2 e5 19. dxe5 N6xe5 20. Nfd4 Nxd3 21. Qxd3
Re8 22. b5 Be5 23. Nc5 Bxf4 24. exf4 axb5 25. Nxb5 Rxa2 26. Rxa2 c6 27. Nd4 Qc7
28. g3 Bc8 29. Kg2 Qd6 30. Ncb3 Qd7 31. g4 Qd6 32. Ne2 Re4 33. Nd2 Nxd2 34.
Rxd2 Re7 35. c4 Qe6 36. cxd5 cxd5 37. Nd4 Qf6 38. Nf3 Qxf4 39. Qxd5 Rd7 40. Rd4
Qxd4 41. Qxd4 Rxd4 42. Nxd4 Kg7 1/2-1/2

[Event "4NCL Division 3 North"]
[Site "Bolton, ENG"]
[Date "2020.01.11"]
[Round "3.61"]
[White "Taylor, John Paul"]
[Black "Crocker, Philip J"]
[Result "0-1"]
[WhiteElo "1862"]
[BlackElo "2090"]
[PlyCount "60"]
[EventDate "2020.01.11"]
[WhiteTeam "J'Adoube 2"]
[BlackTeam "Spirit of Atticus B"]

1. e4 d6 2. d4 Nf6 3. Nc3 g6 4. Be2 Bg7 5. Be3 c6 6. a4 Nbd7 7. Qd2 Qa5 8. Ra3
e5 9. dxe5 dxe5 10. f3 O-O 11. Nh3 Nc5 12. Nf2 Ne6 13. Nd3 Rd8 14. Bh6 Nd4 15.
b4 Qc7 16. Bxg7 Kxg7 17. Bd1 h6 18. Qf2 Nh5 19. Ne2 Be6 20. O-O a5 21. Nxd4
Rxd4 22. f4 Rxd3 23. cxd3 axb4 24. Ra1 Nxf4 25. Qd2 Qb6+ 26. Kh1 Qd4 27. Be2 c5
28. g3 Nh3 29. Kg2 Rd8 30. Rad1 Ng5 0-1

[Event "4NCL Division 3 North"]
[Site "Bolton, ENG"]
[Date "2020.01.11"]
[Round "3.62"]
[White "Ackley, Peter J E"]
[Black "Davison, Colin F S"]
[Result "1-0"]
[WhiteElo "2021"]
[BlackElo "1855"]
[PlyCount "125"]
[EventDate "2020.01.11"]
[WhiteTeam "Spirit of Atticus B"]
[BlackTeam "J'Adoube 2"]

1. g3 g6 2. c4 Bg7 3. Nc3 c5 4. Bg2 Nc6 5. Nf3 d6 6. O-O Nf6 7. d4 cxd4 8. Nxd4
Bd7 9. b3 O-O 10. Bb2 Qc8 11. Rc1 Nxd4 12. Qxd4 Bc6 13. Nd5 Bxd5 14. Bxd5 Qd7
15. Rfd1 Nh5 16. Qd2 Bxb2 17. Qxb2 Nf6 18. Bf3 Qc7 19. h4 h5 20. Kg2 a6 21. Qd2
Kg7 22. Qb4 b6 23. Bxa8 Rxa8 24. Qc3 Rc8 25. Qd4 Kg8 26. e4 Nd7 27. f3 f6 28.
Qd5+ Kg7 29. f4 Qc6 30. Qxc6 Rxc6 31. b4 Rc7 32. Kf3 Ra7 33. a3 Kf7 34. Ke3 Ra8
35. Kd3 Rg8 36. Rg1 g5 37. Rcf1 g4 38. Kc3 Rc8 39. Kb3 e5 40. f5 Nb8 41. Rd1
Ke7 42. Rd5 Nc6 43. Rgd1 Nd4+ 44. R5xd4 exd4 45. Rxd4 Kd7 46. Rd5 Re8 47. Rd4
Kc7 48. Kc3 Re5 49. Kd3 Re8 50. Rd5 Rb8 51. Kd4 Re8 52. c5 dxc5+ 53. bxc5 bxc5+
54. Rxc5+ Kd6 55. Ra5 Ra8 56. e5+ fxe5+ 57. Rxe5 Rb8 58. f6 Rf8 59. Ra5 Ke6 60.
Rxa6+ Kf7 61. Ke5 Re8+ 62. Kf5 Re3 63. Ra7+ 1-0

[Event "4NCL Division 3 North"]
[Site "Bolton, ENG"]
[Date "2020.01.11"]
[Round "3.63"]
[White "Parry, Samuel"]
[Black "Bimpson, Tom"]
[Result "1/2-1/2"]
[WhiteElo "1840"]
[BlackElo "1940"]
[PlyCount "95"]
[EventDate "2020.01.11"]
[WhiteTeam "J'Adoube 2"]
[BlackTeam "Spirit of Atticus B"]

1. d4 c6 2. Nc3 d6 3. e4 Nd7 4. Be3 h6 5. f3 g5 6. g4 Qb6 7. Qd2 Qxb2 8. Rb1
Qa3 9. Nge2 Bg7 10. Ng3 Ngf6 11. h4 Nf8 12. hxg5 hxg5 13. Rxh8 Bxh8 14. Bxg5
Qa5 15. Rb3 Rb8 16. Nf5 Be6 17. d5 Bxf5 18. gxf5 N6d7 19. dxc6 bxc6 20. Rxb8+
Nxb8 21. Nd1 Qxa2 22. Qb4 Nfd7 23. Qb7 Qa5+ 24. Bd2 Qb6 25. Qc8+ Qd8 26. Qb7
Bd4 27. Qb3 Qb6 28. Qd3 Nf8 29. c3 Bg1 30. f4 Nbd7 31. Qg3 Nf6 32. Bd3 Bc5 33.
Ne3 d5 34. exd5 Nxd5 35. Nxd5 cxd5 36. Qf3 e6 37. fxe6 Qxe6+ 38. Kd1 Nd7 39.
Qh5 a6 40. Qh8+ Bf8 41. Qd4 Nc5 42. Bc2 Bd6 43. f5 Qe5 44. Qb4 Qg3 45. Qd4 Qf3+
46. Kc1 Qf1+ 47. Kb2 Qb5+ 48. Ka3 1/2-1/2

[Event "4NCL Division 3 North"]
[Site "Bolton, ENG"]
[Date "2020.01.11"]
[Round "3.64"]
[White "Johnson, Michael D"]
[Black "Hirst, Joe"]
[Result "1-0"]
[WhiteElo "1942"]
[BlackElo "1810"]
[PlyCount "67"]
[EventDate "2020.01.11"]
[WhiteTeam "Spirit of Atticus B"]
[BlackTeam "J'Adoube 2"]

1. Nf3 Nf6 2. g3 g6 3. Bg2 Bg7 4. O-O O-O 5. d4 d6 6. c4 c6 7. Nc3 Qa5 8. Bg5
h6 9. Bxf6 Bxf6 10. Qd2 Kg7 11. Rfd1 Nd7 12. b3 e5 13. dxe5 Nxe5 14. Nxe5 Bxe5
15. Rac1 Rd8 16. f4 Bf6 17. Ne4 Qxd2 18. Rxd2 Be7 19. Rcd1 Bf5 20. Nxd6 Bc2 21.
Rxc2 Rxd6 22. Rcd2 Rad8 23. Rxd6 Rxd6 24. Rxd6 Bxd6 25. e4 Bc5+ 26. Kf1 Kf8 27.
Bh3 Ke7 28. Bc8 b6 29. e5 Be3 30. Ke2 Bg1 31. h3 Bh2 32. Kf2 h5 33. Kg2 Kd8 34.
e6 1-0

[Event "4NCL Division 3 North"]
[Site "Bolton, ENG"]
[Date "2020.01.11"]
[Round "3.65"]
[White "Connor, Michael I"]
[Black "Mort, Andrew J"]
[Result "0-1"]
[WhiteElo "1802"]
[BlackElo "1922"]
[PlyCount "94"]
[EventDate "2020.01.11"]
[WhiteTeam "J'Adoube 2"]
[BlackTeam "Spirit of Atticus B"]

1. d4 d5 2. c4 e6 3. g3 f5 4. Bg2 Nf6 5. Nf3 Bd6 6. O-O O-O 7. e3 c6 8. Qc2 Ne4
9. Rd1 Nd7 10. b3 Qe8 11. Nc3 Qh5 12. Ne2 g5 13. Bb2 Ndf6 14. h3 g4 15. Nh4 Bd7
16. Nf4 Qh6 17. Qe2 gxh3 18. Bxh3 Kh8 19. Kh2 Rg8 20. Rh1 Nxf2 21. Qxf2 Ne4 22.
Nhg6+ hxg6 23. Qf1 Kg7 24. Kg2 Rh8 25. Qf3 Qg5 26. Rag1 Qf6 27. Bc1 g5 28. Nh5+
Rxh5 29. Qxh5 Nxg3 30. Qf3 Nxh1 31. Kxh1 Rh8 32. Kg2 g4 33. Kf2 Kf7 34. Bxg4
fxg4 35. Rxg4 Rh2+ 36. Rg2 Qxf3+ 37. Kxf3 Rxg2 38. Kxg2 Kf6 39. Kf3 Be8 40. e4
dxe4+ 41. Kxe4 Bg6+ 42. Kf3 Bb1 43. c5 Bh2 44. a3 Bc2 45. b4 Kf5 46. Be3 Bd1+
47. Kg2 Bf4 0-1

[Event "4NCL Division 3 North"]
[Site "Bolton, ENG"]
[Date "2020.01.11"]
[Round "3.66"]
[White "Buckley, Colm"]
[Black "Gissi, Alberto"]
[Result "1-0"]
[WhiteElo "1915"]
[BlackElo "1592"]
[PlyCount "89"]
[EventDate "2020.01.11"]
[WhiteTeam "Spirit of Atticus B"]
[BlackTeam "J'Adoube 2"]

1. d4 d5 2. c4 e6 3. Nc3 Nf6 4. Nf3 Be7 5. Bf4 a6 6. e3 c5 7. dxc5 Bxc5 8. Be2
Nc6 9. O-O O-O 10. Rc1 dxc4 11. Bxc4 b5 12. Nxb5 Bb6 13. Nbd4 Nxd4 14. Nxd4 Nd5
15. Nc6 Qd7 16. Bxd5 exd5 17. Qxd5 Kh8 18. Qxd7 Bxd7 19. Rfd1 Be6 20. b3 h6 21.
h3 Rfe8 22. Nd4 Bc8 23. b4 Bb7 24. Nf5 Red8 25. Nd6 Rd7 26. Nxb7 Rxb7 27. a4
Bd8 28. Bd6 Kg8 29. Rc6 Rd7 30. Rdc1 Kh7 31. e4 Raa7 32. e5 g6 33. g3 h5 34.
Kg2 Kh6 35. f4 Kg7 36. Kf3 Ra8 37. g4 Kh7 38. f5 gxf5 39. gxf5 h4 40. f6 Rb7
41. R1c4 Bb6 42. a5 Bd8 43. Rxh4+ Kg6 44. Kf4 Bxa5 45. Rg4+ 1-0

[Event "4NCL Division 3 North"]
[Site "Bolton, ENG"]
[Date "2020.01.11"]
[Round "3.71"]
[White "Rawlinson, Aidan M"]
[Black "Haslinger, Gareth J"]
[Result "1-0"]
[WhiteElo "2170"]
[BlackElo "2021"]
[PlyCount "123"]
[EventDate "2020.01.11"]
[WhiteTeam "Manchester Manticores 2"]
[BlackTeam "Manx Liberty 2"]

1. d4 d5 2. c4 e6 3. Nf3 c6 4. e3 f5 5. Bd3 Nf6 6. O-O Bd6 7. b3 Qe7 8. Bb2 O-O
9. Nc3 Ne4 10. Ne2 Nd7 11. Ne5 Nxe5 12. dxe5 Bc7 13. Rc1 Bd7 14. f3 Ng5 15. Qc2
Rac8 16. Qc3 Nf7 17. f4 Nh6 18. cxd5 cxd5 19. Nd4 Bb6 20. Qd2 Nf7 21. Nf3 Rfd8
22. Bd4 Bxd4 23. Nxd4 Kh8 24. Qa5 a6 25. Qb6 g5 26. Qxb7 gxf4 27. exf4 Rxc1 28.
Rxc1 Nxe5 29. fxe5 Qg5 30. Re1 Qd2 31. Nf3 Qxd3 32. a4 Rg8 33. Kh1 Qc2 34. Rg1
Qc6 35. Qb4 Qc8 36. Qd6 Be8 37. Qe7 Qd7 38. Qf6+ Qg7 39. Qxe6 Qg6 40. Qxd5 Bf7
41. Qd3 Qe6 42. b4 Be8 43. a5 Bc6 44. Qd6 Qxd6 45. exd6 Kg7 46. Rc1 Be4 47. d7
Rd8 48. Ne5 Kf6 49. Rc8 Ke7 50. Kg1 Bb7 51. Rc7 Kd6 52. Rxb7 Kxe5 53. Kf2 Kd5
54. Ke3 Kc6 55. Rb6+ Kxd7 56. Rxa6 Re8+ 57. Kf3 Re4 58. b5 Rh4 59. Ra7+ Kc8 60.
Rf7 Ra4 61. a6 Ra1 62. a7 1-0

[Event "4NCL Division 3 North"]
[Site "Bolton, ENG"]
[Date "2020.01.11"]
[Round "3.72"]
[White "Akeya-Price, Robert"]
[Black "Lyth, John D"]
[Result "1/2-1/2"]
[WhiteElo "1818"]
[BlackElo "2050"]
[PlyCount "62"]
[EventDate "2020.01.11"]
[WhiteTeam "Manx Liberty 2"]
[BlackTeam "Manchester Manticores 2"]

1. d4 d5 2. Nf3 Nf6 3. c4 c6 4. Qc2 g6 5. g3 Bg7 6. Bg2 O-O 7. O-O Bf5 8. Qb3
Qb6 9. Nc3 e6 10. c5 Qxb3 11. axb3 Nbd7 12. b4 a6 13. Bf4 Ne4 14. h3 Nxc3 15.
bxc3 Be4 16. Bd6 Rfe8 17. Nd2 Bxg2 18. Kxg2 e5 19. e3 exd4 20. cxd4 Nf6 21. Nb3
Ne4 22. Bc7 Re7 23. Bb6 Rae8 24. Rfe1 h5 25. Rac1 Bh6 26. Rc2 Nf6 27. Na5 Ne4
28. g4 hxg4 29. hxg4 Nf6 30. Kf3 Bg7 31. Rh1 Ne4 1/2-1/2

[Event "4NCL Division 3 North"]
[Site "Bolton, ENG"]
[Date "2020.01.11"]
[Round "3.73"]
[White "Hymer, Barry"]
[Black "Thoday, Francis"]
[Result "1-0"]
[WhiteElo "2035"]
[BlackElo "1838"]
[PlyCount "61"]
[EventDate "2020.01.11"]
[WhiteTeam "Manchester Manticores 2"]
[BlackTeam "Manx Liberty 2"]

1. e4 e5 2. Nf3 Nc6 3. d3 Nf6 4. g3 Be7 5. Bg2 O-O 6. O-O d6 7. Nbd2 h6 8. c3
Re8 9. Re1 Bf8 10. h3 Ne7 11. d4 Ng6 12. a4 c5 13. d5 Bd7 14. Bf1 a6 15. a5 Bb5
16. Nc4 Nd7 17. Nfd2 Qf6 18. Qg4 Red8 19. h4 Be7 20. Ne3 Bxf1 21. Ndxf1 Kh7 22.
Nf5 Bf8 23. Bg5 hxg5 24. hxg5 Qxf5 25. exf5 Ne7 26. Re4 g6 27. Qh3+ Kg8 28. Rh4
f6 29. Rh8+ Kf7 30. fxg6+ Nxg6 31. Qe6+ 1-0

[Event "4NCL Division 3 North"]
[Site "Bolton, ENG"]
[Date "2020.01.11"]
[Round "3.74"]
[White "Miah, Zahed"]
[Black "Furness, Robert M"]
[Result "0-1"]
[WhiteElo "1816"]
[BlackElo "1997"]
[PlyCount "68"]
[EventDate "2020.01.11"]
[WhiteTeam "Manx Liberty 2"]
[BlackTeam "Manchester Manticores 2"]

1. d4 d5 2. Nf3 Nc6 3. Bf4 Bg4 4. e3 Qd7 5. c4 e6 6. Nc3 Nf6 7. Be2 a6 8. Ne5
Nxe5 9. Bxe5 Bxe2 10. Qxe2 Be7 11. O-O O-O 12. Rac1 dxc4 13. Qxc4 c6 14. Rfd1
Rad8 15. Qe2 Ne8 16. e4 Bg5 17. f4 Bh6 18. d5 Nd6 19. dxc6 Qxc6 20. Nd5 Qb5 21.
Nf6+ Kh8 22. Qg4 Nc4 23. Bc3 Qb6+ 24. Kh1 Rxd1+ 25. Qxd1 Rd8 26. Qh5 Qe3 27.
Rf1 Nd2 28. Ng4 Qe2 29. Rg1 Nxe4 30. Qh4 Rd1 31. h3 Bxf4 32. Rxd1 Qxd1+ 33. Be1
Ng3+ 34. Kh2 Qxe1 0-1